| 000 | 01973nam a22002297a 4500 | ||
|---|---|---|---|
| 999 |
_c58516 _d58516 |
||
| 003 | Ge_BSU | ||
| 005 | 20221221133407.0 | ||
| 008 | 220513s2022 ge ||||| |||| 00| 0 geo d | ||
| 041 | _ageo | ||
| 080 | _a54 ქ-31 | ||
| 100 |
_aქარცივაძე, ინგა _913729 |
||
| 245 |
_aაჭარაში ინტროდუცირებული ციტრუსოვნების ბიოლოგიურად აქტიური ნივთიერებები : _bდისერტაცია / _cინგა ქარცივაძე; სამეცნიერო ხელმძღვანელი ა. კალანდია; ბათუმის შოთარუსთაველის სახელმწიფო უნივერსიტეტი. საბუნებისმეტყველო მეცნიერებათა და ჯანდაცვის ფაკულტეტი. ქიმიის დეპარტამენტი. |
||
| 264 |
_aბათუმი, _c2022. |
||
| 300 |
_a118 გვ.: _bილ.; _c30 სმ. |
||
| 504 | _aბიბლიოგრ. გვ.103-118 | ||
| 653 | _aაჭარაში ინტროდუცირებული ციტრუსოვნების ბიოლოგიურად აქტიური ნივთიერებები | ||
| 653 | _aქიმია | ||
| 653 | _aდისერტაცია | ||
| 700 |
_aკალანდია, ა. _eსამეცნიერო ხელმძღვანელი _910752 |
||
| 710 |
_aბათუმის შოთარუსთაველის სახელმწიფო უნივერსიტეტი. _bსაბუნებისმეტყველო მეცნიერებათა და ჯანდაცვის ფაკულტეტი. ქიმიის დეპარტამენტი. _913730 |
||
| 942 |
_2udc _cDS |
||